000 00347nam a2200133Ia 4500
008 230917s9999||||xx |||||||||||||| ||und||
040 _e83419
_aMAIN
041 _aEnglish
082 _a820.3 C317C
245 0 _aConcise encyclopaedia of English literature
260 _aNew Delhi
_bAward Publishing House
_c1981
300 _av. p.
942 _cBK
999 _c223981
_d223981